Episodes de la saison 2 de Ninjago - Statistiques

Statistiques générales
  • Ce quiz a été pris 19 fois
  • Le résultat moyen est 7 sur 13
Statistiques - réponses
Réponse % Correct
5 jeux d'enfants
83%
1 l'avènement des ténèbres
83%
10 le temple de la lumière
75%
6 retour vers le passé
67%
4 la course ninjaball
58%
7 le guerrier de pierre
58%
12 l'ultime combat a commencé
50%
2 pirates contre ninja
50%
9 retrouvailles
50%
11 le dernier espoir
42%
8 le jour où Ninjago s'est mis à trembler
42%
3 les ennuis n'arrivent jamais seuls
33%
13 l'avènement du maître spinjitsu
8%
Aucun quiz correspondant
Distribution des résultats
% des personnes avec chaque résultat
Percentile par nombre de réponses
Votre historique - résultats
Vous n’avez pas pris ce quiz